Por una antropología de la movilidad
Αποθηκεύτηκε σε:
| Κύριος συγγραφέας: | |
|---|---|
| Μορφή: | Βιβλίο |
| Γλώσσα: | Ισπανικά |
| Έκδοση: |
Barcelona
Gedisa
2007
|
| Έκδοση: | 1a. ed |
| Σειρά: | Visión3X
|
| Θέματα: | |
| Ετικέτες: |
Προσθήκη ετικέτας
Δεν υπάρχουν, Καταχωρήστε ετικέτα πρώτοι!
|
MARC
| LEADER | 00000cam a2200000 a 4500 | ||
|---|---|---|---|
| 001 | UCI6622 | ||
| 003 | CL-VaPUC | ||
| 008 | 080516e20070000SP |||||||||||||||||spa|d | ||
| 020 | |a 9788497842358 | ||
| 082 | 0 | 4 | |a 305.513 |b AUG |2 21 |
| 100 | 0 | |a Augé, Marc |e author |9 529556 | |
| 245 | 1 | 0 | |a Por una antropología de la movilidad |
| 250 | |a 1a. ed | ||
| 300 | |a 93 p | ||
| 942 | |c BK | ||
| 945 | |d 20080516 00:00:00 |a jtorresc | ||
| 260 | |a Barcelona |b Gedisa |c 2007 | ||
| 650 | 0 | |a Movilidad social |9 315088 | |
| 650 | 0 | |a Etnología |9 258726 | |
| 650 | 0 | |a Globalización |9 361930 | |
| 583 | |a last modification |c 20121009 11:05:17 |k Rodrigo Vera | ||
| 490 | 0 | |a Visión3X | |
| 999 | |c 330077 |d 330075 | ||
| 952 | |0 0 |1 0 |4 0 |6 305_513000000000000_AUG_2007 |7 0 |8 A |9 415373 |a BIBCUR |b BIBCUR |d 2019-11-22 |i 443918K |o 305.513 AUG 2007 |p 443918K |r 2025-04-22 |w 2019-11-22 |y BK |k PER | ||
| 952 | |0 0 |1 0 |4 0 |6 305_513000000000000_AUG_2007 |7 0 |8 A |9 415374 |a BIBCUR |b BIBCUR |d 2019-11-22 |i 4473914 |o 305.513 AUG 2007 |p 4473914 |r 2025-04-22 |w 2019-11-22 |y BK |k PER | ||
| 952 | |0 0 |1 0 |4 0 |6 305_513000000000000_AUG_2007 |7 0 |8 A |9 415375 |a BIBHIS |b BIBHIS |d 2019-11-22 |i 4661141 |o 305.513 AUG 2007 |p 4661141 |r 2025-01-20 |w 2019-11-22 |y BK |k HIS | ||
| 952 | |0 0 |1 0 |4 0 |6 305_513000000000000_AUG_2007 |7 0 |8 R |9 415376 |a BIBARQ |b BIBARQ |d 2019-11-22 |i 4914406 |o 305.513 AUG 2007 |p 4914406 |r 2025-01-20 |w 2019-11-22 |y BK_R |k ARQ | ||
| 952 | |0 0 |1 0 |3 erb |4 0 |6 305_513000000000000_AUG_2007 |7 0 |8 A |9 415377 |a BIBING |b BIBING |i 5045231 |o 305.513 AUG 2007 |p 5045231 |r 2025-01-20 |w 2019-11-22 |y BK |z Catalogado en:20140109 |k GEO | ||
| 952 | |0 0 |1 0 |3 erb |4 0 |6 305_513000000000000_AUG_2007 |7 0 |8 A |9 415378 |a BIBING |b BIBING |i 5129133 |l 3 |o 305.513 AUG 2007 |p 5129133 |r 2025-01-20 |s 2023-12-19 |w 2019-11-22 |y BK |z Catalogado en:20141211 |k GEO | ||
| 952 | |0 0 |1 0 |3 erb |4 0 |6 305_513000000000000_AUG_2007 |7 0 |8 A |9 415379 |a BIBING |b BIBING |i 5143861 |o 305.513 AUG 2007 |p 5143861 |r 2025-01-20 |w 2019-11-22 |y BK |z Catalogado en:20150402 |k GEO | ||
| 952 | |0 0 |1 0 |3 erb |4 0 |6 305_513000000000000_AUG_2007 |7 0 |8 A |9 415380 |a BIBING |b BIBING |i 5190509 |o 305.513 AUG 2007 |p 5190509 |r 2025-01-20 |w 2019-11-22 |y BK |z Catalogado en:20150710 |k GEO | ||